| 000 | 00459nam a22001697a 4500 | ||
|---|---|---|---|
| 003 | OSt | ||
| 005 | 20230808161701.0 | ||
| 008 | 230808b |||||||| |||| 00| 0 eng d | ||
| 020 | _a978 9966 36 121 9 | ||
| 040 | _cChuka University Library | ||
| 050 |
_aPL 8703.1 _b.K36 2011 |
||
| 100 |
_aLonghorn Publishers _911679 |
||
| 245 | _aKAMUSI KIBINDO YA KISWAHILI | ||
| 260 |
_aNairobi _bLonghorn Publishers (K) Ltd _c2011 |
||
| 300 | _a477p | ||
| 942 |
_2lcc _cBK _n0 |
||
| 999 |
_c15085 _d15085 |
||